Online
Catalog

El arte rupestre de la República Dominicana petroglifos de la provincia de Azua / (Record no. 37359)

MARC details
000 -CABECERA
campo de control de longitud fija 00653nam a2200169 a 4500
001 - NÚMERO DE CONTROL
campo de control 000037869
005 - FECHA Y HORA DE LA ÚLTIMA TRANSACCIÓN
campo de control 20240229073944.0
008 - DATOS DE LONGITUD FIJA--INFORMACIÓN GENERAL
campo de control de longitud fija 130307s1978 dr a 000 0 spa d
040 ## - FUENTE DE LA CATALOGACIÓN
Centro catalogador/agencia de origen DO-SdBNP
Lengua de catalogación spa
Centro/agencia transcriptor BNPHU
100 1# - ENTRADA PRINCIPAL--NOMBRE DE PERSONA
Nombre de persona Morban Laucer, Fernándo
9 (RLIN) 54241
245 13 - MENCIÓN DE TÍTULO
Título El arte rupestre de la República Dominicana petroglifos de la provincia de Azua /
Mención de responsabilidad, etc. Fernándo Morban Laucer ; prólogo José Chez Checo.
260 ## - PUBLICACIÓN, DISTRIBUCIÓN, ETC.
Lugar de publicación, distribución, etc. Santo Domingo :
Nombre del editor, distribuidor, etc. Fundación García Arévalo,
Fecha de publicación, distribución, etc. 1978.
300 ## - DESCRIPCIÓN FÍSICA
Extensión 93 p. :
Otras características físicas ils. ;
Dimensiones 27 cm.
500 ## - NOTA GENERAL
Nota general Incluye notas al pie de páginas
504 ## - NOTA DE BIBLIOGRAFÍA, ETC.
Nota de bibliografía, etc. Bibliografía : p. 89-93
700 1# - PUNTO DE ACCESO ADICIONAL--NOMBRE DE PERSONA
Nombre de persona Chez Checo, José,
Fechas asociadas al nombre 1949-
Término indicativo de función/relación pról.
9 (RLIN) 10145
Holdings
Estado de retiro Estado de pérdida Restricciones de uso No para préstamo Código de colección Localización permanente Ubicación/localización actual Ubicación en estantería Fecha de adquisición Número de inventario Total de préstamos Signatura topográfica completa Código de barras Fecha visto por última vez Número de copia Precio válido a partir de Tipo de ítem Koha
        Dominicana de Servicio General General En catalogación 07.03.2013 LF1   37869-30 25.06.2020 e. 3 25.06.2020 Libro y Folleto Colección Dominicana de Servicio
      Excluido de préstamo Patrimonio Dominicano Patrimonio Dominicano Patrimonio Dominicano En catalogación 07.03.2013 LF1   37869-10 25.06.2020   25.06.2020 Libro y Folleto Colección Patrimonio Dominicano
      Excluido de préstamo Patrimonio Dominicano Patrimonio Dominicano Patrimonio Dominicano En catalogación 07.03.2013 LF1   37869-20 25.06.2020 e. 2 25.06.2020 Libro y Folleto Colección Patrimonio Dominicano

Powered by Koha